| 000 | 00394nam a2200145Ia 4500 | ||
|---|---|---|---|
| 008 | 231129s1981||||xx |||||||||||||| ||spa|| | ||
| 020 | _a84-320-4720-1 | ||
| 040 | _bspa | ||
| 082 | _a617.96 K48l | ||
| 100 | _aKillian Hans | ||
| 245 | 0 | _aLa lucha contra el dolor: mi aventura con la anestesia | |
| 260 | _c1981 | ||
| 264 | _aPlaneta | ||
| 942 |
_2ddc _cBKS |
||
| 999 |
_c17512 _d17512 |
||